Normal view MARC view

Entry Nombre corporativo

Number of records used in: 1

001 - NÚMERO DE CONTROL

  • campo de control: 3026

003 - IDENTIFICADOR DE NÚMERO DE CONTROL

  • campo de control: OSt

005 - FECHA Y HORA DE LA ÚLTIMA TRANSACCIÓN

  • campo de control: 20230222191729.0

008 - ELEMENTOS DE DATO DE LONGITUD-FIJA

  • campo de control de longitud fija: 030205 n acnnnaaan n ann d

040 ## - FUENTE DE CATALOGACIÓN

  • Centro catalogador/agencia de origen: OSt
  • Centro/agencia transcriptor: OSt

110 00 - ENCABEZAMIENTO-NOMBRE DE ENTIDAD CORPORATIVA

  • Nombre de entidad corporativa o nombre de jurisdicción como elemento de entrada: Comisión de Seguridad en la Industria Siderometalúrgica.
  • Unidad subordinada: Asamblea Anual (
  • Número del congreso/reunión o número de parte o sección: 10a.
  • Fecha del congreso o de la firma del tratado: 1972.
  • Sede del congreso/Lugar de la reunión: Bilbao)